000 00473nam a2200169Ia 4500
999 _c19804
_d19804
003 OSt
005 20211118125930.0
008 190216s9999||||xx |||||||||||||| ||und||
040 _coclc
082 _a891.2249
_bVAI/E
100 _aVaidya, C V
_96320
245 0 _aEpic India /
_cC V Vaidya
260 _bCosmo Publications,
_c1974.
_aNew Delhi:
300 _a267p
650 _aIndian History
942 _cBK
_2ddc
_h891.2249
_iVAI/E
_k891.2249
_mVAI/E